LEADER 00917nam--2200361---450- 001 990003350910203316 005 20091119122045.0 035 $a000335091 035 $aUSA01000335091 035 $a(ALEPH)000335091USA01 035 $a000335091 100 $a20091119d1978----km-y0itay50------ba 101 $aita 102 $aIT 105 $a||||||||001yy 200 1 $aQuaderni del Vittoriale 210 $aMilano$cPan editrice$d1978- 215 $av.$d24 cm 300 $aPeriodicità non determinata 410 0$12001 454 1$12001 461 1$1001-------$12001 600 0 $aD'Annunzio,$bGabriele 676 $a851.912 801 0$aIT$bsalbc$gISBD 912 $a990003350910203316 951 $b9016 DLAS 958 $aN. s., 1/2 (1978)-5/6 (1983) 959 $aBK 969 $aDLAS 979 $aDLAS$b10$c20091119$lUSA01$h1220 996 $aQuaderni del Vittoriale$9893595 997 $aUNISA LEADER 00992nam0-22003011i-450- 001 990001835100403321 005 20021010 035 $a000183510 035 $aFED01000183510 035 $a(Aleph)000183510FED01 035 $a000183510 100 $a20021010d--------km-y0itay50------ba 101 0 $aita 200 1 $aHistolyse des Muscles de mise en place des ailes, apres le vol nuptial, chez les reines de Fourmis$fCharles Janet. 210 $aRennes$c...$d1907. 215 $a4 p.$d28 cm 300 $aEstr. da: Comptes rendus des seances de l' Academie des Sciences, 9 dicembre 1907 610 0 $aFormicidae 676 $a595.796 700 1$aJanet,$bCharles$f<1849-1932>$070258 801 0$aIT$bUNINA$gRICA$2UNIMARC 901 $aBK 912 $a990001835100403321 952 $a60 MISC. A 39/3$b$fFAGBC 959 $aFAGBC 996 $aHistolyse des Muscles de mise en place des ailes, apres le vol nuptial, chez les reines de Fourmis$9412207 997 $aUNINA DB $aING01 LEADER 01321nam--2200421---450- 001 990001696290203316 005 20050621144259.0 035 $a000169629 035 $aUSA01000169629 035 $a(ALEPH)000169629USA01 035 $a000169629 100 $a20040525d1961----km-y0itay0103----ba 101 0 $aita 102 $aIT 105 $a||||||||001yy 200 1 $a<> dialettica dell'astratto e del concreto nel Capitale di Marx$eEval'd Vasilevic Il'enkov$f[trad. V. Strada, A. Sandretti.] 210 $aMilano$cG. Feltrinelli$d1961 215 $aLIX, 246 p.$d23 cm 225 2 $aSaggi 410 0$12001$aSaggi 454 1$12001 606 0 $aKapital 676 $a335.4 700 1$aILENKOV,$bEvald Vasilevic$0121005 702 1$aSTRADA,$bVittorio 702 1$aSANDRETTI,$bAlberto 801 0$aIT$bsalbc$gISBD 912 $a990001696290203316 951 $aII.1.D. 2186(IV C 482)$b12370 L.M.$cIV C 951 $aII.1.D. 2186b(IV C 483)$b20806 LM$cIV C 951 $aII.1.D. 2186b(IV C 484)$b22216 LM$cIV C 959 $aBK 969 $aUMA 979 $aSIAV1$b10$c20040525$lUSA01$h1430 979 $aCOPAT5$b90$c20050621$lUSA01$h1438 979 $aCOPAT5$b90$c20050621$lUSA01$h1443 996 $aDialettica dell'astratto e del concreto nel capitale di Marx$992244 997 $aUNISA